Logo BPK

Biblioteka

Politechniki Koszalińskiej

Metody przybliżonych obliczeń / (Rekord nr 12599)

Szczegóły MARC
000 -ETYKIETA REKORDU
podpole kontrolne o stałej długości 01423nam a2200373 i 4500
001 - NUMER KONTROLNY REKORDU
pole kontrolne 12599
003 - IDENTYFIKATOR NUMERU KONTROLNEGO REKORDU
podpole kontrolne KOSZ 005
005 - DATA OSTATNIEJ MODYFIKACJI REKORDU
podpole kontrolne 20200213151610.0
008 - POLE O STAŁEJ DŁUGOŚCI - DANE KONTROLNE
podpole kontrolne o stałej długości 071125s1966 pl a g 001 0 pol
015 ## - NUMER BIBLIOGRAFII NARODOWEJ
Numer bibliografii narodowej PB 1966/7713
040 ## - ŹRÓDŁO KATALOGOWANIA
Instytucja, która sporządziła opis WA N
Instytucja, która utworzyła rekord WA N
Instytucja, która dokonała modyfikacji KOSZ 005/RW
-- KOSZ 005/HR
041 1# - KOD JĘZYKA
Kod języka tekstu pol
Kod języka oryginału rus
046 ## - DATY KODOWANE
Pojedyncza data lub początek okresu powstania dzieła lub zbioru dzieł 1966
080 ## - UNIWERSALNA KLASYFIKACJA DZIESIĘTNA - UKD
UKD 519.61/.64
245 00 - TYTUŁ/ODPOWIEDZIALNOŚĆ
Tytuł Metody przybliżonych obliczeń /
Pozostałe elementy strefy tytułu i oznaczenia odpowiedzialności G. N. Położy [et al.] ; pod red. G. N. Położego ; tł. z jęz. ros. Robert Konstanty Krzywiec.
246 1# - WARIANT TYTUŁU
Treść wyrażenia wprowadzającego Tytuł oryginału:
Tytuł Matematičeskij praktikum.
260 ## - STREFA ADRESU WYDAWNICZEGO
Miejsce wydania Warszawa :
Nazwa wydawcy/dystrybutora Wydawnictwa Naukowo-Techniczne,
Data publikacji, dystrybucji/powstania dokumentu 1966.
300 ## - STREFA OPISU FIZYCZNEGO
Objętość 487 stron :
Inne cechy fizyczne ilustracje ;
Rozmiary 25 cm.
336 ## - TYP ZAWARTOŚCI
Termin opisujący typ zawartości Tekst
Kod określający zawartość txt
Źródło (terminu i kodu) rdacontent
337 ## - TYP MEDIÓW
Tryb odtwarzania Bez urządzenia pośredniczącego
Kod typu mediów n
Źródło (terminu i kodu) rdamedia
338 ## - TYP/RODZAJ NOŚNIKA
Hasło opisujące typ nośnika Wolumin
Kod typu nośnika nc
Źródło (terminu i kodu) rdacarrier
380 ## - FORMA I TYP PUBLIKACJI
Forma i typ publikacji Książki.
388 ## - CZAS POWSTANIA
Czas powstania 1901-2000
504 ## - UWAGA DOTYCZĄCA BIBLIOGRAFII
Informacje o bibliografii Bibliografia przy rozdziałach. Indeks.
521 8# - UWAGA DOTYCZĄCA PRZEZNACZENIA CZYTELNICZEGO
Przeznaczenie czytelnicze Dla pracowników naukowych, inżynierów, fizyków i studentów.
658 ## - TERMIN INDEKSOWY - PRZEDMIOT PROGRAMU NAUCZANIA
Główny przedmiot programu nauczania Matematyka
650 #4 - HASŁO PRZEDMIOTOWE W FORMIE NAZWY OGÓLNEJ LUB JEDNOSTKOWEJ
Nazwa ogólna lub geograficzna Analiza numeryczna
650 #4 - HASŁO PRZEDMIOTOWE W FORMIE NAZWY OGÓLNEJ LUB JEDNOSTKOWEJ
Nazwa ogólna lub geograficzna Arytmetyka
700 1# - HASŁO DODATKOWE - NAZWA OSOBOWA
Nazwa osobowa Položij, Georgij Nikolaevič.
Określenie związku między hasłem a opisywanym materiałem Redakcja
700 1# - HASŁO DODATKOWE - NAZWA OSOBOWA
Nazwa osobowa Krzywiec, Robert Konstanty.
Określenie związku między hasłem a opisywanym materiałem Tłumaczenie
710 2# - HASŁO DODATKOWE - NAZWA CIAŁA ZBIOROWEGO
Nazwa ciała zbiorowego lub jednostki geograficznej Wydawnictwa Naukowo-Techniczne
Kod określenia powiązania pbl.
856 ## - LOKALIZACJA I DOSTĘP DO ELEKTRONICZNYCH DOKUMENTÓW ZDALNYCH
Link (URL) http://koha.tu.koszalin.pl/cgi-bin/koha/opac-detail.pl?biblionumber=12599
Tekst linku Katalog online BPK
942 ## - DODATKOWE ELEMENTY (KOHA)
Schemat klasyfikacji Uniwersalna Klasyfikacja Dziesiętna
Typ dokumentu Książka
Egzemplarze
Wycofany Status egzemplarza Uszkodzony Dostępność Lokalizacja stała Lokalizacja bieżąca Miejsce przechowywania Sygnatura Kod kreskowy Typ dokumentu Dział Numer ubytku
      Dostępny Biblioteka Politechniki Koszalińskiej Biblioteka Politechniki Koszalińskiej Wypożyczalnia BG 7328 01786880 Książka    
      Dostępny Biblioteka Politechniki Koszalińskiej Biblioteka Politechniki Koszalińskiej Wypożyczalnia BG 7329 01786897 Książka    
      Tylko na miejscu Biblioteka Politechniki Koszalińskiej Biblioteka Politechniki Koszalińskiej Czytelnia BG 10216 01819045 Książka 519.6 Matematyka obliczeniowa. Analiza numeryczna  
      Dostępny Biblioteka Politechniki Koszalińskiej Biblioteka Politechniki Koszalińskiej Wypożyczalnia BG 10384 01750768 Książka    
      Dostępny Biblioteka Politechniki Koszalińskiej Biblioteka Politechniki Koszalińskiej Wypożyczalnia BG 10385 01750775 Książka    
      Dostępny Biblioteka Politechniki Koszalińskiej Biblioteka Politechniki Koszalińskiej Wypożyczalnia BG 10386 01750782 Książka    
      Dostępny Biblioteka Politechniki Koszalińskiej Biblioteka Politechniki Koszalińskiej Wypożyczalnia BG 11365 01210521 Książka    
  Egz. niedostępny   Niedostępny Biblioteka Politechniki Koszalińskiej Biblioteka Politechniki Koszalińskiej   19419 01211030 Książka   16008
© 2023 Biblioteka Politechniki Koszalińskiej :: KOHA